Aký je manažér budúcnosti. 7

Vlastnosti a schopnosti manažérov tretieho tisícročia. Schopnosť strhnúť a presvedčiť ostatných ako jeden zo základných predpokladov úspechu.

Saved in:
Bibliographic Details
Main Author: Kassay, Štefan
Format: Book Chapter
Language:Slovak
Subjects:
Tags: Add Tag
No Tags, Be the first to tag this record!

MARC

LEADER 00000naa a2200000 4500
001 r026227
005 20230824090416.3
041 0 |a slo 
044 |a SK 
245 1 0 |a Aký je manažér budúcnosti. 7  |c Štefan Kassay 
520 |a Vlastnosti a schopnosti manažérov tretieho tisícročia. Schopnosť strhnúť a presvedčiť ostatných ako jeden zo základných predpokladov úspechu. 
610 2 0 |a manažéri 
610 2 0 |a komunikácia 
610 2 0 |a úspech pracovný 
610 2 0 |a schopnosti pracovné 
100 1 |a Kassay, Štefan